000 01195nam a22002777a 4500
001 9837
003 FISKH
005 20260304100758.0
008 260304b cb ||||| |||| 00| 0 eng d
020 _a1551430029
040 _aFISKH
_beng
_cFISKH
_dFISKH
050 _aPZ10 .M5785
082 _a769
100 _aMiles , Victoria
245 _aSea otter pup /
_cwritten by Victoria Miles : illustrated by Elizabeth Gatt
260 _aVictoria :
_bOrca Book Publishers ,
_c1993.
300 _a24 unnumbered pages :
_bcolor illustrations ;
_c18 bm .
505 _aK
520 _aFollow along as Pup learns how to eat spiky sea urchins, somersault beneath the waves and groom himself. He still needs lots of help from Mother, but one day Pup will be old enough to dive down below the waves and search for food on his own Accompanied by beautiful illustrations and set in the North Pacific, this heartwarming tale is perfect for little ones who still have lots to learn themselves.
521 8 _a510
_bLexiel
521 8 _aK
_bRaz-Plus
650 _aSea otter
_vJuvenile Literature
700 _aGatt , Elizabeth
_eIllustrator
942 _2ddc
_cBK
_n0
999 _c9837
_d9837